Mobilní bankovnictví na vzestupu
Nárast používania mobilných telefónov pre prístup do banky a posielanie platieb. Vplyv tejto skutočnosti na životy jednotlivcov a na celú ekonomiku. Protiklad nárastu mobilných telefónov a mobilných platieb. Oslovenie nízkopríjmových skupín obyvateľov bez bankového účtu prostredníctvom mobilného ban...
Uložené v:
| Médium: | Kapitola |
|---|---|
| Jazyk: | Czech |
| Predmet: | |
| Tagy: |
Žiadne tagy, Buďte prvý, kto otaguje tento záznam!
|
MARC
| LEADER | 00000naa$a2200000$$$4500 | ||
|---|---|---|---|
| 001 | 0056400 | ||
| 005 | 20231010094320.6 | ||
| 041 | 0 | |a cze | |
| 044 | |a CZ | ||
| 245 | 1 | 0 | |a Mobilní bankovnictví na vzestupu |
| 520 | |a Nárast používania mobilných telefónov pre prístup do banky a posielanie platieb. Vplyv tejto skutočnosti na životy jednotlivcov a na celú ekonomiku. Protiklad nárastu mobilných telefónov a mobilných platieb. Oslovenie nízkopríjmových skupín obyvateľov bez bankového účtu prostredníctvom mobilného bankovníctva. Mobil ako platobný terminál. | ||
| 610 | 2 | 0 | |a telefón mobilný |
| 610 | 2 | 0 | |a bankovníctvo elektronické |
| 610 | 2 | 0 | |a prostriedky platobné |
| 610 | 2 | 0 | |a krajiny rozvojové |
| 610 | 2 | 0 | |a klienti |